00616nam a2200181Ia 450000500170000000800410001708200150005824501160007325000090018926000490019830000180024765000110026565000130027670000290028994200060031895200950032499900150041920240521050820.0240331s9999 xx 000 0 und d bCAPa338.1 0aCapital and peasant productionbStudies in the continuity and discontinuity of agrarian structures in Sri Lanka a1 St aColombobSocial Scientists Associationc1985 axiv, 230 p ., aSocial aEconomic aAbeysekera, Charleseedt cL 001040708LaWERCLbWERCLcSSCd2024-03-31l0o 338.1 CAPp59r2024-03-31w2024-03-31yL c2777d2777